Szczegóły MARC21

Rhetorik des Augenblicks : Studien zu Thomas Bernhard, Heiner Müller, Peter Handke und Botho Strauß /

003 -Nazwa inst., której nr kontr. jest w polu 001 [,]
    • @
    • Nazwa instytucji, której n kontrolny jest w polu 001
    • NUKAT
005 -DATA I CZAS OSTATNIEJ MODYFIKACJI [,]
    • @
    • pole kontrolne
    • 20260429173830.0
020 -Międzynarod. znormalizowany nr książki - ISBN [ , ]
    • a
    • Numer ISBN
    • 3826014294 Find
040 -Instytucja sporządzająca opis [ , ]
    • a
    • Instytucja, która sporządziła opis (NP)
    • KR U/WS
    • c
    • Instytucja, która sporządziła rekord (NP)
    • KR U/WS
    • d
    • Instytucja, która zmodyfikowała rekord (P)
    • KR U/ES
    • d
    • Instytucja, która zmodyfikowała rekord (P)
    • KR U/JAKs
942 -Rodzaj dokumentu [ , ]
    • c
    • Rodzaj dokumentu
    • Książka
100 -Hasło główne - nazwa osobowa [1, ]
    • a
    • Nazwa osobowa (NP)
    • Grieshop, Herbert.
    • 9
    • KHW
    • 631720
245 -Strefa tytułu i oznaczenia odpowiedzialności [1,0]
    • a
    • Tytuł
    • Rhetorik des Augenblicks : Find
    • b
    • Ciąg dalszy tytułu (NP)
    • Studien zu Thomas Bernhard, Heiner Müller, Peter Handke und Botho Strauß / Find
    • c
    • Pozostałe elementy strefy tytułu i oznaczenia odpowiedzialności (NP)
    • Herbert Grieshop.
260 -Strefa adresu wydawniczego [ , ]
    • a
    • Miejsce wydania (P)
    • Würzburg :
    • b
    • Nazwa wydawcy (P)
    • Verlag Königshausen & Neumann,
    • c
    • Data wydania (P)
    • 1998.
300 -Strefa opisu fizycznego [ , ]
    • a
    • Określenie formy książki i/lub objętość (NP)
    • 264 s. ;
    • c
    • Format (NP)
    • 24 cm.
336 -Typ zawartości [ , ]
    • a
    • Termin opisujący typ zawartości
    • Tekst
    • b
    • Kod określający zawartość
    • txt
    • 2
    • Źródło (terminu i kodu)
    • rdacontent
337 -Typ mediów [ , ]
    • a
    • Tryb odtwarzania
    • Bez urządzenia pośredniczącego
    • b
    • Kod typu mediów
    • n
    • 2
    • Źródło (terminu i kodu)
    • rdamedia
338 -Typ/rodzaj nośnika [ , ]
    • a
    • Hasło opisujące typ nośnika
    • Wolumin
    • b
    • Kod typu nośnika
    • nc
    • 2
    • Źródło (terminu i kodu)
    • rdacarrier
490 -Strefa serii i książki wielotomowej - forma nie do wyszukiwania [1, ]
    • a
    • Tytuł (P)
    • Epistemata : Würzburger wissenschaftliche Schriften. Reihe Literaturwissenschaft ; Find
    • v
    • Numeracja (P)
    • Bd. 221
830 -Hasło dodatkowe serii i opisu książki wielotomowej - tytuł ujednolicony/tytuł [ ,0]
    • a
    • Tytuł ujednolicony/tytuł (NP)
    • Epistemata.
    • p
    • Nazwa części/podserii/sekcji (P)
    • Reihe Literaturwissenschaft
    • v
    • Oznaczenie tomu (NP)
    • 221
    • 9
    • KHW
    • 8754
502 -Uwaga dot. dysertacji [ , ]
    • a
    • Uwaga dot. dysertacji
    • Diss. Univ. Göttingen, 1997.
504 -Uwaga dot. bibliogr. załącznikowej [ , ]
    • a
    • Uwaga dot. bibliografii załącznikowej
    • Bibliogr. s. 242-264.
080 -Uniwersalna Klasyfikacja Dziesiętna [ , ]
    • a
    • Symbol klasyfikacji
    • 82.08=30
600 -Hasło przedmiotowe w formie nazwy osobowej [1,7]
    • a
    • Nazwa osobowa
    • Strauss, Botho
    • d
    • Daty związane z nazwą
    • (1944- )
    • x
    • Określnik rzeczowy
    • krytyka i interpretacja.
    • 2
    • Źródło terminu
    • kaba
    • 9
    • KHW
    • 461130
600 -Hasło przedmiotowe w formie nazwy osobowej [1,7]
    • a
    • Nazwa osobowa
    • Handke, Peter
    • d
    • Daty związane z nazwą
    • (1942- )
    • x
    • Określnik rzeczowy
    • krytyka i interpretacja.
    • 2
    • Źródło terminu
    • kaba
    • 9
    • KHW
    • 409785
600 -Hasło przedmiotowe w formie nazwy osobowej [1,7]
    • a
    • Nazwa osobowa
    • Müller, Heiner
    • d
    • Daty związane z nazwą
    • (1929-1995)
    • x
    • Określnik rzeczowy
    • krytyka i interpretacja.
    • 2
    • Źródło terminu
    • kaba
    • 9
    • KHW
    • 461129
600 -Hasło przedmiotowe w formie nazwy osobowej [1,7]
    • a
    • Nazwa osobowa
    • Bernhard, Thomas
    • d
    • Daty związane z nazwą
    • (1931-1989)
    • x
    • Określnik rzeczowy
    • krytyka i interpretacja.
    • 2
    • Źródło terminu
    • kaba
    • 9
    • KHW
    • 461125
650 -Hasło przedmiotowe [ ,7]
    • a
    • Hasło przedmiotowe
    • Czas
    • 2
    • Źródło terminu
    • DBN
    • 9
    • KHW
    • 725583
650 -Hasło przedmiotowe [ ,7]
    • a
    • Hasło przedmiotowe
    • Literatura
    • 2
    • Źródło terminu
    • DBN
    • 9
    • KHW
    • 721789
650 -Hasło przedmiotowe [ ,7]
    • a
    • Hasło przedmiotowe
    • Tematy i motywy
    • 2
    • Źródło terminu
    • DBN
    • 9
    • KHW
    • 721205
650 -Hasło przedmiotowe [ ,7]
    • a
    • Hasło przedmiotowe
    • Literatura niemieckojęzyczna
    • y
    • Określnik chronologiczny
    • 20 w.
    • x
    • Określnik rzeczowy
    • historia i krytyka.
    • 2
    • Źródło terminu
    • kaba
    • 9
    • KHW
    • 407350
650 -Hasło przedmiotowe [ ,7]
    • a
    • Hasło przedmiotowe
    • Literatura niemieckojęzyczna
    • y
    • Określnik chronologiczny
    • 20 w.
    • x
    • Określnik rzeczowy
    • tematy, motywy.
    • 2
    • Źródło terminu
    • kaba
    • 9
    • KHW
    • 407351
650 -Hasło przedmiotowe [ ,7]
    • a
    • Hasło przedmiotowe
    • Czas
    • x
    • Określnik rzeczowy
    • w literaturze.
    • 2
    • Źródło terminu
    • kaba
    • 9
    • KHW
    • 105413
658 -Ujęcie treści [ , ]
    • a
    • dziedzina nauki i sztuki/ sfera aktywności życiowej
    • Literaturoznawstwo
980 -Symbol UKD [ , ]
    • a
    • UKD
    • 82.08=30
920 -ISBN [ , ]
    • a
    • ISBN
    • 3-8260-1429-4 Find
Sygnatura Data inwentaryzacji Lokalizacja Numer inwentarzowy Status udost.
Germ. Literaturoznawstwo 562002-02-15BMG.15958-3